00498nam a2200157Ia 4500008004000000082001300040100002000053245002900073260003200102300000800134650003600142690002800178906001100206999001700217952010600234210210b1977 xxu||||| |||| 00| 0 eng d a327 APAI aAPARANJI (N R). aInternational relations. aGadag.bNot Mentionedc1977 a183 aInternational relations text.  aInternational Relations a033487 c84676d84676 001040708NULLaALbALd2021-02-17g15.00l0o327 APAIp033487r2021-02-17 00:00:00w2021-02-17yBK